Latinčina ešte žije alebo latinčina historických pamiatok

Salvato in:
Dettagli Bibliografici
Autore principale: Dašková, Kveta (Autore)
Natura: Libro
Lingua:slovacco
Pubblicazione: Bratislava : Q111, 1998
Tags: Aggiungi Tag
Nessun Tag, puoi essere il primo ad aggiungerne!!

MARC

LEADER 00000nam a22000003a 4500
001 stu49062
005 20150617225655.4
008 990201s1998------------------------slo-d
020 |a 80-85401-23-1 
040 |a STU  |b slo 
041 0 |a slo 
080 |a 807.1 
100 1 |a Dašková, Kveta  |4 aut 
245 1 |a Latinčina ešte žije alebo latinčina historických pamiatok 
260 |a Bratislava :  |b Q111,  |c 1998 
300 |a 296 s 
996 |b E82360  |c R*82360  |l RRUM  |s A  |a 24  |w stu49062_0001